Cơ cấu tế bào dưới kính hiển vi điện tử
Đã lưu trong:
| Hovedforfatter: | |
|---|---|
| Format: | Bog |
| Sprog: | Undetermined |
| Udgivet: |
Cần Thơ
Viện Đại Học Cần Thơ - Đại Học Khoa Học
1970
|
| Fag: | |
| Tags: |
Tilføj Tag
Ingen Tags, Vær først til at tagge denne postø!
|
| Thư viện lưu trữ: | Trung tâm Học liệu Trường Đại học Cần Thơ |
|---|
| LEADER | 00589nam a2200181Ia 4500 | ||
|---|---|---|---|
| 001 | CTU_33644 | ||
| 008 | 210402s9999 xx 000 0 und d | ||
| 082 | |a 571.6 | ||
| 082 | |b C506 | ||
| 100 | |a Lê Thị Kim Cúc | ||
| 245 | 0 | |a Cơ cấu tế bào dưới kính hiển vi điện tử | |
| 245 | 0 | |c Lê Thị Kim Cúc | |
| 260 | |a Cần Thơ | ||
| 260 | |b Viện Đại Học Cần Thơ - Đại Học Khoa Học | ||
| 260 | |c 1970 | ||
| 650 | |a cell physiology,cytology | ||
| 904 | |i Minh, 991104 | ||
| 980 | |a Trung tâm Học liệu Trường Đại học Cần Thơ | ||